| 000 | 01066ntm a22003737a 4500 | ||
|---|---|---|---|
| 005 | 20251107192658.0 | ||
| 008 | 160303b2012 xxu||||| |||| 00| | spa d | ||
| 020 | _a9786074385137 | ||
| 041 | _aESP | ||
| 082 | _a510.246.58 S456m | ||
| 100 |
_aSegura Vásquez, Adelfo _96280 |
||
| 245 | _aMatemáticas aplicadas a las ciencias económicas-administrativas: simplicidad matemática: simplicidad matemática | ||
| 260 | _aMéxico | ||
| 260 | _bGrupo Editorial Patria | ||
| 260 | _c2012 | ||
| 300 | _a264 páginas | ||
| 440 | _aSerie Patria: teoría, ejemplos y problemas | ||
| 490 | _aDirección y Administración de Empresas | ||
| 490 | _aGestión de Calidad | ||
| 505 | _aContiene disco compacto N 738 | ||
| 650 | _aMATEMÁTICAS | ||
| 650 | _aECUACIONES | ||
| 650 | _aLA RECTA | ||
| 650 | _aPARÁBOLA | ||
| 650 | _aTEOREMAS DE LOS LÍMITES | ||
| 650 | _aDERIVADAS | ||
| 650 | _aMARGINALES | ||
| 650 | _aINTEGRALES | ||
| 650 | _aOPERACIONES MATRICIALES | ||
| 650 | _aCOFACTORES | ||
| 942 |
_cBK _2ddc |
||
| 999 |
_c7767 _d7767 |
||